Inauguració del Port Esportiu Masnou. Vida social. [Enregistrament de vídeo]
Descripción Física:
1 disc òptic (DVD) : 24 min : b/n, col., sense so
MARC
| LEADER | 00000ngm a2200000Ia 4500 | ||
|---|---|---|---|
| 001 | 18611 | ||
| 008 | 160829s19-- ?] xx 000 0 cat d | ||
| 080 | |a CD-1-75 | ||
| 245 | |a Inauguració del Port Esportiu Masnou. Vida social. [Enregistrament de vídeo] | ||
| 260 | |a [s.l. : |b s.n., |c 19-- ?] | ||
| 300 | |a 1 disc òptic (DVD) : |b 24 min : |b b/n, col., sense so | ||
| 590 | |a En les escenes de la vida social de la classe alta hi ha nens jugant en uns jardins, una dona cosint, cotxes, un sidecar, un casament per l'església i una família dinant. | ||
| 650 | |a Port Esportiu |9 43135 | ||
| 650 | |a Classe acomodada |x Vida social i costums |x S. XX |9 43137 | ||
| 651 | 0 | |a Barcelona (Catalunya) |x Vida social i costums |y S. XX |9 52686 | |
| 655 | 0 | |9 54986 |a DVD | |
| 901 | |a Arxiu | ||
| 942 | |n 1 |2 udc | ||
| 952 | |0 0 |1 0 |4 0 |6 CD175 |7 1 |9 51226 |a Arxiu |b Arxiu |d 2016-12-01 |l 0 |o CD-1-75 |p 18611 |r 2016-12-01 00:00:00 |w 2016-12-01 |y ARXIU | ||
| 999 | |c 55069 |d 55069 | ||